[Event "Challenge"]
[Site "http://www.queenalice.com/game.php?id=497294"]
[Date "2008.11.23"]
[Round "-"]
[White "martinezv"]
[Black "ss"]
[Result "1-0"]
[WhiteElo "2019"]
[BlackElo "1302"]

1. c4 c5 2. Nc3 a5 3. g3 d5 4. Nxd5 Ra6 5. Bg2 Be6 6. Ne3 Nf6 7. Bxb7 Ra7 8. Bg2
h5 9. Nf3 Rh6 10. d3 Nc6 11. Nc2 g5 12. Nxg5 Ng4 13. Bxc6+ Bd7 14. Bd5 Rf6 15.
Bxf7+ 1-0

[Event "Challenge"]
[Site "http://www.queenalice.com/game.php?id=527877"]
[Date "2009.1.23"]
[Round "-"]
[White "reivipviana"]
[Black "ss"]
[Result "1-0"]
[WhiteElo "1277"]
[BlackElo "1313"]

1. e4 Na6 2. e5 g6 3. Nf3 Nb8 4. Bc4 h5 5. Ng5 d5 6. Bb5+ c6 7. Bd3 Nh6 8. O-O
Ng4 9. f3 Nxe5 10. Be2 e6 11. d4 Qd6 12. dxe5 Qxe5 13. f4 Bc5+ 14. Kh1 Qe4 15.
Nxe4 dxe4 16. Qd2 Nd7 17. b4 1-0

[Event "AUTO-INT-1180"]
[Site "http://www.queenalice.com/game.php?id=528044"]
[Date "2009.1.23"]
[Round "1"]
[White "Possible43"]
[Black "ss"]
[Result "1-0"]
[WhiteElo "1956"]
[BlackElo "1303"]

1. e4 e6 2. d3 e5 3. g3 Bc5 4. Bg2 c6 5. Nc3 Kf8 6. Nge2 f6 7. O-O g6 8. Kh1 Ke8
9. Be3 Na6 10. Bxc5 Nxc5 11. f4 d6 12. fxe5 fxe5 13. Qe1 h5 14. Qf2 g5 15. Qf7#
1-0

[Event "AUTO-INT-1180"]
[Site "http://www.queenalice.com/game.php?id=528045"]
[Date "2009.1.23"]
[Round "1"]
[White "ss"]
[Black "Possible43"]
[Result "0-1"]
[WhiteElo "1303"]
[BlackElo "2010"]

1. e4 e5 2. g3 Nf6 3. Bd3 Bc5 4. Qh5 Nxh5 5. Be2 Nf6 6. Bf3 O-O 7. h4 c6 8. c3
d5 9. exd5 cxd5 10. Nh3 Nc6 11. O-O Bxh3 12. Re1 e4 13. Bh1 Ng4 14. d4 exd3 15.
Bf3 Bxf2+ 16. Kh1 Bxe1 17. a4 Bxg3 18. Bxg4 Bxg4 19. Nd2 Qxh4+ 0-1

[Event "AUTO-INT-1180"]
[Site "http://www.queenalice.com/game.php?id=528059"]
[Date "2009.1.23"]
[Round "1"]
[White "smcneil"]
[Black "ss"]
[Result "1-0"]
[WhiteElo "1740"]
[BlackElo "1331"]

1. e4 e5 2. Bc4 Qf6 3. Nc3 c6 4. d3 Qh4 5. Nf3 b6 6. Nxh4 a5 7. Qf3 f6 8. Qh5+
g6 9. Nxg6 Ra6 10. Nxh8+ Kd8 11. Bxa6 1-0

[Event "AUTO-INT-1180"]
[Site "http://www.queenalice.com/game.php?id=528060"]
[Date "2009.1.23"]
[Round "1"]
[White "ss"]
[Black "dorszu"]
[Result "0-1"]
[WhiteElo "1331"]
[BlackElo "1589"]

1. e4 e6 2. Nc3 d5 3. Qh5 g6 4. a4 gxh5 5. b3 Bb4 6. Bd3 Nf6 7. Nxd5 Nxd5 8.
exd5 Qxd5 9. Nf3 f5 10. a5 Bxa5 11. O-O Nc6 12. b4 Bxb4 13. c3 Qxd3 14. Re1 Bxc3
15. dxc3 Qxc3 16. Rd1 Qxa1 17. Ng5 Nd4 18. f4 Ne2+ 19. Kf1 Nxf4 20. g3 Qa6+ 21.
Ke1 Qe2# 0-1

[Event "AUTO-INT-1180"]
[Site "http://www.queenalice.com/game.php?id=528061"]
[Date "2009.1.23"]
[Round "1"]
[White "dorszu"]
[Black "ss"]
[Result "1-0"]
[WhiteElo "1530"]
[BlackElo "1303"]

1. d4 Na6 2. e4 d6 3. Bxa6 h5 4. Bc4 Bf5 5. exf5 e5 6. dxe5 Kd7 7. e6+ Ke8 8.
exf7+ Kd7 9. Be6+ Kc6 10. Qd5+ Kb6 11. Nc3 c6 12. Be3+ Kc7 13. Qf3 Qf6 14. Ne4
Qxe6 15. fxe6 1-0

[Event "oPríncipeEoPebleu"]
[Site "http://www.queenalice.com/game.php?id=529642"]
[Date "2009.1.26"]
[Round "-"]
[White "luizhenriq19"]
[Black "ss"]
[Result "1-0"]
[WhiteElo "1930"]
[BlackElo "1295"]

1. Nf3 c5 2. d3 b6 3. g3 d6 4. Bg2 Bb7 5. O-O Nh6 6. Bxh6 gxh6 7. Nc3 h5 8. Nh4
Qd7 9. e4 Nc6 10. a4 e6 11. Bh3 Ne5 12. Qxh5 Be7 13. f4 Ng6 14. Nxg6 fxg6 15.
Qg4 h5 16. Qxg6+ Kd8 17. Qxe6 Qe8 18. a5 Bc8 19. Qd5 1-0

[Event "AUTO-INT-1186"]
[Site "http://www.queenalice.com/game.php?id=531244"]
[Date "2009.1.29"]
[Round "1"]
[White "francky78"]
[Black "ss"]
[Result "1-0"]
[WhiteElo "1661"]
[BlackElo "1324"]

1. b3 e5 2. Bb2 d6 3. d3 Bd7 4. Nd2 Qf6 5. e4 h6 6. Qe2 Nc6 7. c3 Na5 8. Ndf3
Nc6 9. Qd2 h5 10. Be2 g5 11. Nxg5 Qg6 12. Bf3 h4 13. N5h3 a5 14. d4 Nf6 15. Qd3
Bh6 16. d5 Ng4 17. a4 O-O-O 18. dxc6 Bxc6 19. c4 Qe6 20. Bc3 b6 21. Bd2 Qg6 22.
Qe2 f5 23. Bxg4 1-0

[Event "AUTO-INT-1186"]
[Site "http://www.queenalice.com/game.php?id=531245"]
[Date "2009.1.29"]
[Round "1"]
[White "ss"]
[Black "francky78"]
[Result "1-0"]
[WhiteElo "1292"]
[BlackElo "1642"]

1. h4 e5 2. b4 d5 3. Bb2 Bd6 4. f3 Qe7 5. b5 Nf6 6. h5 Bd7 7. e3 c6 8. a4 O-O 9.
h6 g6 10. Nh3 cxb5 11. Ng5 bxa4 12. Nc3 a3 13. Nb5 a6 14. Qb1 axb5 15. Bc3 Bc6
16. Bd3 Kh8 17. O-O Qd7 18. Qe1 Bc5 19. Qg3 d4 20. Qxe5 Qd6 21. Nxf7+ 1-0

[Event "AUTO-INT-1186"]
[Site "http://www.queenalice.com/game.php?id=531258"]
[Date "2009.1.29"]
[Round "1"]
[White "brido83"]
[Black "ss"]
[Result "1-0"]
[WhiteElo "1754"]
[BlackElo "1324"]

1. e4 e5 2. Nf3 d6 3. d4 Nf6 4. dxe5 Nxe4 5. exd6 Bxd6 6. Qe2 Bf5 7. Nd4 Bb4+ 8.
c3 Ba5 9. Nxf5 Qd5 10. Qb5+ c6 11. Qxd5 cxd5 12. Bb5+ Nc6 13. Nd4 O-O 14. Be3 a6
15. Bxc6 f5 16. Bxd5+ Kh8 17. Ne6 Rfe8 18. f3 Nf6 19. Bb3 Re7 20. Bc5 Rd7 21.
O-O Re8 22. Ng5 Re5 23. Bd4 1-0

[Event "AUTO-INT-1186"]
[Site "http://www.queenalice.com/game.php?id=531259"]
[Date "2009.1.29"]
[Round "1"]
[White "ss"]
[Black "brido83"]
[Result "0-1"]
[WhiteElo "1292"]
[BlackElo "1739"]

1. e4 e6 2. Nc3 d5 3. h4 c5 4. d3 Bd6 5. h5 Nf6 6. a4 Nc6 7. Nb5 dxe4 8. Nxd6+
Qxd6 9. h6 exd3 10. hxg7 Rg8 11. Bh6 Qe5+ 12. Kd2 Ne4+ 13. Kc1 Nxf2 14. Nf3 Qd5
15. Bxd3 Nxd1 16. Bxh7 Rxg7 17. Bxg7 Nf2 18. Rh6 Qd1# 0-1

[Event "AUTO-INT-1186"]
[Site "http://www.queenalice.com/game.php?id=531266"]
[Date "2009.1.29"]
[Round "1"]
[White "nonpop"]
[Black "ss"]
[Result "1-0"]
[WhiteElo "1734"]
[BlackElo "1292"]

1. e4 e5 2. Nf3 Bb4 3. c3 Bc5 4. d4 exd4 5. cxd4 Bb4+ 6. Bd2 Bd6 7. Bc4 h5 8.
Ng5 Rh6 9. Nxf7 Qh4 10. Nxh6 gxh6 11. Bxg8 Qxe4+ 12. Be3 Bb4+ 13. Nd2 Kf8 14.
O-O Kxg8 15. Nxe4 h4 16. Qb3+ d5 17. Qxd5+ Kf8 18. Bxh6+ Ke8 19. Nf6+ Ke7 20.
Qe5+ Kf7 21. Rae1 h3 22. g4 Nc6 23. Qe8+ Kxf6 24. g5+ Kf5 25. Qe4# 1-0

[Event "Challenge"]
[Site "http://www.queenalice.com/game.php?id=721060"]
[Date "2010.1.27"]
[Round "-"]
[White "burzum"]
[Black "ss"]
[Result "1/2-1/2"]
[WhiteElo "1113"]
[BlackElo "1295"]

1. d4 d5 2. Nc3 Nf6 3. Nf3 Bg4 4. h3 Bh5 5. g4 Bg6 6. g5 Ne4 7. Nxe4 Bxe4 8. Bf4
e5 9. Nxe5 a5 10. e3 h5 11. h4 Bb4+ 12. c3 Bf8 13. Qa4+ c6 14. Nxc6 Nxc6 15. Bb5
Be7 16. Be5 Bxh1 17. Bxg7 Rg8 18. Bh6 Qd7 19. O-O-O Na7 20. Bxd7+ Kd8 21. Qxa5+
b6 22. Qxd5 f5 23. Qxg8+ Kc7 24. Qxa8 Nc6 25. g6 Bd5 26. Qc8+ Kd6 27. g7 b5 28.
g8=Q Bxg8 29. Qxg8 Nd8 30. Bf4+ Kxd7 31. d5 Nb7 32. Qg6 b4 33. d6 Nxd6 34. Bxd6
Bf8 35. Bxb4+ Kc8 36. Qc6+ Kb8 37. Rd8+ Ka7 38. Bc5+ Bxc5 39. Qxc5+ Ka6 40. Rb8
f4 41. Rb5 fxe3 42. fxe3 1/2-1/2

[Event "Challenge"]
[Site "http://www.queenalice.com/game.php?id=721152"]
[Date "2010.1.27"]
[Round "-"]
[White "burzum"]
[Black "ss"]
[Result "1-0"]
[WhiteElo "1130"]
[BlackElo "1295"]

1. c4 Nf6 2. d4 d5 3. Nc3 Nc6 4. e3 dxc4 5. Bxc4 Nb4 6. Qa4+ Bd7 7. Qxb4 Ne4 8.
Nd5 e6 9. Bb5 Nd6 10. Bc4 Qh4 11. Qxb7 Qd8 12. Nxc7+ Ke7 13. d5 a6 14. e4 Ra7
15. Bg5+ f6 16. Qxa7 fxg5 17. dxe6 Bxe6 18. Nxe6+ Kf6 19. Nxd8 Be7 20. e5+ Kg6
21. Qxe7 Kh6 22. Qxd6+ Kh5 23. Be2+ Kh4 24. g3# 1-0

[Event "Challenge"]
[Site "http://www.queenalice.com/game.php?id=723329"]
[Date "2010.1.31"]
[Round "-"]
[White "ss"]
[Black "burzum"]
[Result "0-1"]
[WhiteElo "1295"]
[BlackElo "1219"]

1. e4 e5 2. f4 Nc6 3. Nc3 Qh4+ 4. g3 Qxf4 5. Nh3 Qh6 6. Nd5 Qd6 7. Bc4 Be7 8.
Nxe7 Qxe7 9. Qg4 Nf6 10. Qh4 O-O 11. d3 Nb4 12. Bg5 Nxc2+ 13. Ke2 Nxa1 14. Rxa1
Qb4 15. Bd2 Qxb2 16. Rd1 b5 17. Nf4 bxc4 18. dxc4 Qxa2 19. Nd5 Qxc4+ 20. Ke1
Nxe4 21. Ne7+ Kh8 22. Qg4 h5 23. Qf5 g6 24. Qxh5+ Kg7 25. Bh6+ Kf6 26. Qh4+ Ke6
27. Nxc8 Qc5 28. Qh3+ Kf6 29. Bxf8 Nf2 30. Qh4+ Ke6 31. g4 Rxc8 32. Qxf2 Qxf8
33. Qa2+ d5 34. Qa6+ c6 35. h4 Qh6 36. g5 Qxh4+ 37. Kf1 Rh8 38. Qc8+ Kd6 39. Rc1
Qh1+ 40. Kf2 Qxc1 41. Qa6 Rh1 42. Qe2 Rh2+ 43. Kf3 Qh1+ 44. Kg3 Qg1+ 45. Kf3 e4+
46. Kf4 Rf2+ 47. Ke3 d4+ 48. Kxe4 Rxe2+ 49. Kd3 Qe3+ 50. Kc4 c5 51. Kb5 Qb3+ 52.
Ka6 Ra2# 0-1

[Event "Challenge"]
[Site "http://www.queenalice.com/game.php?id=731027"]
[Date "2010.2.12"]
[Round "-"]
[White "ss"]
[Black "burzum"]
[Result "0-1"]
[WhiteElo "1295"]
[BlackElo "1315"]

1. d4 d5 2. e4 Nf6 3. Bb5+ c6 4. Ba4 b5 5. Nf3 bxa4 6. Ne5 Bg4 7. Qd3 Nxe4 8.
O-O f6 9. Nf3 Qd6 10. Nc3 Qc7 11. b3 e6 12. bxa4 Bd6 13. Nb5 Bxh2+ 14. Kh1 Qg3
15. fxg3 Nxg3+ 16. Kxh2 h5 17. Rh1 h4 18. Nxh4 Rxh4+ 19. Kg1 Rxh1+ 20. Kf2 Nd7
21. Bf4 e5 22. Rd1 exf4 23. Nc3 Kf7 24. Nb1 Re8 25. Nd2 Re2+ 26. Qxe2 Bxe2 27.
Ne4 Bxd1 28. Nxg3 fxg3+ 29. Ke3 Rg1 30. a5 Rxg2 31. a3 Rxc2 32. a4 g2 33. a6
g1=Q+ 34. Kd3 Qg3# 0-1

[Event "Challenge"]
[Site "http://www.queenalice.com/game.php?id=731224"]
[Date "2010.2.13"]
[Round "-"]
[White "ss"]
[Black "burzum"]
[Result "0-1"]
[WhiteElo "1280"]
[BlackElo "1330"]

1. d4 c6 2. e4 Nf6 3. Nf3 Nxe4 4. Bc4 Qc7 5. Nc3 Qa5 6. Bf4 Nxc3 7. bxc3 Qxc3+
8. Nd2 Qxd4 9. O-O Qxf4 10. g3 Qh6 11. Ne4 b5 12. Bd3 c5 13. Bxb5 Nc6 14. Nxc5
Ne5 15. Qd5 Ng4 16. Rfd1 Qxh2+ 17. Kf1 Qxf2# 0-1